[Event "HCL-B177"]
[Site "www.playchess.de"]
[Date "2001.02.24"]
[Round "8"]
[White "GANT"]
[Black "Pawz68"]
[WhiteElo "1200"]
[BlackElo "1200"]
[PlyCount "45"]
[Result "1-0"]

1.d4 {So you are from USA, wich state?}  d5 {Hi 
and good luck. I'm from Ohio.}  2.Nf3 {Hi, and 
good luck to you}  Bg4 3.Ne5 {How do you like 
playing chess over the internet? I think it´s very 
funny.}  Be6 {I like it. This is my first time at 
this site. I usually play at yahoogames.com.}  
4.e3 {I live in Lund, it´s a town in south Sweden. 
In which town do you live in?}  g6 {Akron, Ohio. 
It's in northern Ohio just shy of Lake Erie. Never 
been to Sweden. Norway once.}  5.c4 {Where were 
you in Norway, Oslo?}  f6 {Trondheim and Narvic 
(spelling?) Went there in the military in 1990}  
6.cxd5 Qxd5 7.Nc3 Qa5 8.Nc4 Bxc4 9.Bxc4 Qb4 10.Be6 
Nc6 11.a3 Qa5 12.b4 Qg5 13.O-O f5 14.Nd5 Kd8 15.e4 
Qh4 16.Bf4 Rc8 17.Bxc8 Kxc8 18.b5 Nd8 19.Qc2 c6 
20.bxc6 Nxc6 21.Rab1 Nf6 22.Rxb7 Kxb7 {it's not 
looking good}  23.Rb1+ 1-0

[Event "HCL-A079"]
[Site "www.playchess.de"]
[Date "2001.02.24"]
[Round "1"]
[White "THE-WARRIOR"]
[Black "celle"]
[WhiteElo "1700"]
[BlackElo "1700"]
[PlyCount "46"]
[Result "0-1"]

1.c4 Nc6 2.d4 d5 {good luck to you from Germany}  
3.e3 e5 4.Nc3 {good luck to you}  Bb4 5.cxd5 Qxd5 
6.Bd2 Bxc3 7.Bxc3 exd4 8.exd4 Nge7 9.Nf3 Bg4 
10.Be2 O-O 11.O-O Rfe8 12.h3 Bh5 13.b3 Qd6 14.Re1 
Nd5 15.Bb2 Nf4 16.d5 Rxe2 17.Rxe2 Bxf3 18.gxf3 
Qg6+ 19.Kf1 Qg2+ 20.Ke1 Qxf3 21.Rc2 Re8+ 22.Kd2 
Qxd5+ 23.Kc1 Nd3+ 0-1

[Event "ACL-A096"]
[Site "www.playchess.de"]
[Date "2001.02.24"]
[Round "5"]
[White "Stef"]
[Black "chesssk"]
[WhiteElo "1500"]
[BlackElo "1500"]
[PlyCount "54"]
[Result "0-1"]

1.d4 d5 2.Nc3 c5 3.Nf3 cxd4 4.Nxd4 e5 5.Ndb5 a6 
6.Na3 Nf6 7.Na4 Qa5+ 8.Bd2 Qxa4 9.b3 Qxa3 10.e3 
Nc6 11.Bd3 Ne4 12.O-O Nxd2 13.Qxd2 Be6 14.g3 e4 
15.Be2 Qb2 16.Rab1 Qxa2 17.Bh5 Bb4 18.Qd1 O-O 
19.h4 Bh3 20.f4 Bxf1 21.Kxf1 d4 22.exd4 Nxd4 
23.Qxd4 Qxb1+ 24.Kf2 Rac8 25.g4 Rxc2+ 26.Kg3 Qxb3+ 
27.Qd3 Qxd3+ 0-1

[Event "ACL-A096"]
[Site "www.playchess.de"]
[Date "2001.02.24"]
[Round "10"]
[White "Stef"]
[Black "Vitalee"]
[WhiteElo "1500"]
[BlackElo "1500"]
[PlyCount "34"]
[Result "0-1"]

1.d4 Nf6 2.Nc3 d5 3.f3 c5 4.dxc5 e5 5.Nb5 Qa5+ 
6.Bd2 Qxb5 7.e3 Qxc5 8.b4 Qb6 9.c3 Nc6 10.a3 Be7 
11.Qa4 O-O 12.O-O-O Bd7 13.Nh3 Nd4 14.exd4 Bxa4 
15.Ng5 exd4 16.cxd4 Qxd4 17.g4 
Qa1+ 0-1

[Event "ACL-A096"]
[Site "www.playchess.de"]
[Date "2001.02.24"]
[Round "15"]
[White "Vitalee"]
[Black "daniela"]
[WhiteElo "1500"]
[BlackElo "1500"]
[PlyCount "31"]
[Result "1-0"]

1.e4 {Hallo und viel Glück!}  e6 {hallo zurück und 
danke. Ich hoffe auf ein interessantes Spiel.}  
2.d4 d5 {und noch ein Franzose!}  3.Nd2 {Meine 
Spezialeröffnung! Oder auch Lieblingseröffnung}  
c5 {Kann ich davon ableiten, dass du auch so aktiv 
spielst?}  4.exd5 {Ja, spielst du auch im Verein?} 
 exd5 {Ja, aber aus Zeitgründen nur sporadisch. 
Heute mal e6xd5. Mal sehen, was dann aus dem 
Isolani wird!}  5.Bb5+ {woher kommst du, wenn man 
fragen darf?}  Nc6 {Ich wohne in Frankfurt (Oder). 
Frage geht zurück an dich. Daniela}  6.Ngf3 {Ich 
wohne in Minden (das kennst du aber bestimmt 
nicht, oder?)}  Qe7+ {Gehört habe ich diesen Ort 
schon, mehr allerdings nicht!}  7.Be2 {liegt in 
Nordrhein-Westfalen!}  Bg4 {Was machst du , wenn 
du nicht Schach spielst?}  8.O-O {Fußball,Musik 
machen (HipHop)mit paar Freunden.Und vor allem: 
flirten!! Und was machst du so?}  cxd4 {Ich habe 
einen Mann und 2 Kinder (4J. bzw. 14 Wochen alt). 
Ich spiele an Wochenenden hier und da mal}  9.Re1 
{Du bist doch erst 24, oder nicht? Und schon so 
ein Familienmensch?}  Qf6 {ja und? Man kann 
trotzdem seinen Interessen nachgehen! Bin ja 
deshalb kein Sklave!}  10.h3 {Hab ich ja auch 
nicht so gemeint.Ich selber finde das auch 
ziemlich cool.}  Bh5 {Ich kann übrigens auch als 
"Mutti" noch flirten, um auf dich 
zurückzukommen!*G* Keine Frage d. Alter}  11.Nxd4 
{Solang´s der Mann nicht erfährt! *gg*}  Be7 
{Solange man bzw. frau nicht zu weit geht, ist 
wohl richtiger, denke ich!?}  12.Nxc6 {Du findest 
aber auch immer die richtigen Worte...}  Bxe2 {bin 
ja auch gegen dich viiiiel älter. Habe mir heute 
mal deine DWZ angeguckt ... na Hilfe!}  13.Nxe7 
{Wieso? Verlierst du etwa nicht gerne gegen 
2000er!?*g*}  Qxf2+ {Dem stehe ich ehrlich gesagt 
recht ruhig gegenüber. Schlimmer wäre eine 1200.}  
14.Kxf2 {Die 1200 hatte ich noch vor 3 Jahren!}  
Bxd1 {Du hast ja ne ganze Menge Turniere gespielt! 
Haste nix "Besseres" als Hobby?*G*}  15.Nxd5+ {Ich 
verdiene mit Schach ja schließlich auch etwas 
Geld}  Kd7 {Meinst du Preisgelder?}  16.Rxd1 {Ja 
die meine ich. Spielst du keine Turniere?} 
 1-0

[Event "ACL-A096"]
[Site "www.playchess.de"]
[Date "2001.02.24"]
[Round "20"]
[White "MP"]
[Black "Vitalee"]
[WhiteElo "1500"]
[BlackElo "1500"]
[PlyCount "46"]
[Result "0-1"]

1.e4 e6 2.Nf3 d5 3.exd5 exd5 4.d4 Bd6 5.Be2 Nf6 
6.O-O O-O 7.Bg5 h6 8.Bxf6 Qxf6 9.Nc3 c6 10.Re1 Bf5 
11.Bd3 Bg4 12.Be2 Nd7 13.h3 Bh5 14.Nd2 Bg6 15.Nf3 
Rfe8 16.Bd3 Bh5 17.Be2 Qf4 18.g3 Qf6 19.Nh2 Bg6 
20.Bd3 Rxe1+ 21.Qxe1 Bxd3 22.cxd3 Qxd4 23.Nf3 
Qxd3 0-1

[Event "HCL-B180"]
[Site "www.playchess.de"]
[Date "2001.02.24"]
[Round "11"]
[White "pird"]
[Black "player27"]
[WhiteElo "1487"]
[BlackElo "1461"]
[PlyCount "59"]
[Result "1/2-1/2"]

1.e4 d5 {*handshake* nice game}  2.d4 {nice game}  
dxe4 { )}  3.Nc3 Nf6 4.f3 e3 5.Bxe3 e6 6.Bc4 Bb4 
7.Nge2 Nbd7 8.O-O O-O 9.f4 b6 10.f5 e5 11.Bg5 c6 
12.dxe5 Bc5+ 13.Kh1 Nxe5 14.Qxd8 Rxd8 15.Bxf6 gxf6 
16.Bb3 a5 17.a3 Ba6 18.Rf4 Rd2 19.Ng3 Rd7 20.Nce4 
Be7 21.Nh5 Rdd8 22.Nhxf6+ Bxf6 23.Nxf6+ Kg7 
24.Nh5+ Kh6 25.Ng3 Kg5 26.Re4 f6 27.Be6 Bc8 
28.Bxc8 Raxc8 29.Rf1 Kh6 30.Rh4+ 1/2-1/2

[Event "HCL-B180"]
[Site "www.playchess.de"]
[Date "2001.02.24"]
[Round "14"]
[White "player27"]
[Black "deadeasy"]
[WhiteElo "1461"]
[BlackElo "1500"]
[PlyCount "50"]
[Result "0-1"]

1.Nf3 {*handshake* nice game}  f5 {hi from london} 
 2.d4 {hello from Berlin / Germany- nice game 
*GL*}  Nf6 3.c4 g6 4.g3 Bg7 5.Bg2 d6 6.O-O O-O 
7.Nc3 Qe8 8.d5 Na6 9.Rb1 Nc5 10.b4 Nce4 11.Bb2 e5 
12.dxe6 Bxe6 13.Nxe4 fxe4 14.Nd2 Bf5 15.e3 Qe6 
16.Nb3 Qxc4 {it is very worrying when your 
opponent is following a line which you believe to 
be a known bad one!}  17.Rc1 { )}  Qf7 18.f4 exf3 
19.Qxf3 c6 20.e4 Bxe4 21.Qxe4 Nxe4 22.Rxf7 Rxf7 
23.Bxg7 { (}  Nxg3 24.hxg3 Kxg7 {i hoped that that 
Ng3 ploy threatening e2 had been overlooked!}  
25.Rf1 {but still, you"ll good played, I resign}  
Rxf1+ {then i hope we play again soon} 
 0-1

[Event "HCL-B185"]
[Site "www.playchess.de"]
[Date "2001.02.24"]
[Round "1"]
[White "Translightor"]
[Black "quant"]
[WhiteElo "1413"]
[BlackElo "1260"]
[PlyCount "59"]
[Result "1-0"]

1.e4 {Hello and good luck!}  e5 {hi good luck}  
2.Nf3 Nc6 3.Bb5 a6 4.Ba4 Nf6 5.O-O Be7 6.Re1 b5 
7.Bb3 O-O 8.c3 d5 9.exd5 e4 10.dxc6 exf3 11.d4 Bg4 
12.g3 Re8 13.Be3 Nd5 14.Qd3 Nxe3 15.Rxe3 Bg5 
16.Rxe8+ Qxe8 17.Nd2 Qe2 18.Qxe2 fxe2 19.f4 Re8 
20.Kf2 Bf6 21.Re1 g5 22.Nf3 gxf4 23.Rxe2 fxg3+ 
24.hxg3 Rxe2+ 25.Kxe2 Kg7 26.Ke3 h5 27.Ne5 Bxe5 
28.dxe5 f6 29.Kf4 {I'm one pawn up. Please let ME 
offer the draw when I don't want to play for a win 
anymore.}  Kg6 30.e6 1-0

[Event "HCL-A082"]
[Site "www.playchess.de"]
[Date "2001.02.24"]
[Round "8"]
[White "Green_Lantern"]
[Black "paule"]
[WhiteElo "1900"]
[BlackElo "1960"]
[PlyCount "40"]
[Result "1/2-1/2"]

1.e4 e6 2.d4 d5 3.Nc3 Bb4 4.e5 c5 5.Qg4 Ne7 6.Nf3 
cxd4 7.Nxd4 Qc7 8.Bb5+ Nbc6 9.Bxc6+ bxc6 10.O-O 
Bxc3 11.bxc3 Qxe5 12.Bf4 Qf6 13.Bg5 Qg6 14.Qf4 Bd7 
{Perfect attack! I have learned one's lesson...}  
15.Rfe1 {Indeed!}  Nc8 16.Rab1 O-O 17.Rb7 c5 
18.Nf3 Be8 19.Ne5 Qxc2 20.Bh6 Nd6 1/2-1/2

[Event "HCL-C185"]
[Site "www.playchess.de"]
[Date "2001.02.24"]
[Round "11"]
[White "Paulus"]
[Black "kldr"]
[WhiteElo "1000"]
[BlackElo "1646"]
[PlyCount "30"]
[Result "0-1"]

1.e4 e5 {Hello Paulus. I hope we will have an 
interesting game. Klaus}  2.d4 {Hi Klaus, have a 
nice game}  exd4 {Where in Belgium do you live?}  
3.c3 {I live in Zelzate (near Ghent)}  dxc3 {I´m 
from Essen, Ruhrdistrict.}  4.Bc4 Nf6 5.Nxc3 d6 
6.Bg5 Be7 7.Nf3 Bg4 {You´ve already won your first 
game in this tournament.Congratulations.Very 
fast.}  8.O-O {Thanks}  O-O {I hope you will have 
more difficulties against me.}  9.Qe2 {I'm already 
having more difficulties, we past the eight 
moves!}  Nbd7 {I´m glad about that.}  10.Rfd1 Ne5 
{Have a nice weekend, Paulus. Klaus}  11.Bb3 {You 
also a nice weekend,Klaus}  Qc8 {I have never been 
in Ghent but have heard that it is a beautiful 
town.}  12.Rac1 {Yes, you should visit it when you 
come to Belgium}  Bxf3 {Maybe this summer.}  
13.gxf3 Qh3 14.Bxf6 Bxf6 15.Nd5 
Nxf3+ 0-1

[Event "HCL-A081"]
[Site "www.playchess.de"]
[Date "2001.02.24"]
[Round "4"]
[White "peze"]
[Black "Belka"]
[WhiteElo "1970"]
[BlackElo "1720"]
[PlyCount "30"]
[Result "1/2-1/2"]

1.c4 {Hello again!}  c5 {Hi!}  2.Nc3 Nc6 3.g3 g6 
4.Bg2 Bg7 5.a3 a6 6.Rb1 Rb8 7.b4 cxb4 8.axb4 b5 
9.cxb5 axb5 10.Nf3 d6 11.O-O Nf6 12.d4 O-O 13.d5 
Ne5 14.Nxe5 dxe5 15.Qd3 Ne8 {Wiht idea 16. ... Ra8 
17. ... Nd6. Please....... :)} 
 1/2-1/2

[Event "HCL-B184"]
[Site "www.playchess.de"]
[Date "2001.02.24"]
[Round "18"]
[White "Xina"]
[Black "quant"]
[WhiteElo "1200"]
[BlackElo "1260"]
[PlyCount "30"]
[Result "0-1"]

1.e4 e5 {hi good luck}  2.Nf3 {Hi from Seattle}  
Nc6 {i am from turkey}  3.d4 exd4 4.c3 dxc3 5.Bc4 
Nf6 6.Nxc3 Be7 7.Ng5 O-O 8.Bxf7+ Rxf7 9.Nxf7 Kxf7 
{theoretically it is not true to take a rook and a 
pawn against a bishop and a horse at opening}  
10.Nd5 {I never heard that before oh well its too 
late now}  d6 {i had not thought that you would do 
it   i am sorry}  11.Nxf6 Bxf6 12.Qh5+ Kg8 13.Qd5+ 
Kh8 14.Qf7 Qe7 15.Qe6 Bxe6 0-1

[Event "HCL-A077"]
[Site "www.playchess.de"]
[Date "2001.02.24"]
[Round "4"]
[White "paule"]
[Black "Sccr"]
[WhiteElo "1960"]
[BlackElo "1900"]
[PlyCount "37"]
[Result "1-0"]

1.e4 e6 2.d4 d5 3.Nd2 Nc6 4.Ngf3 Nf6 5.e5 Nd7 6.c3 
f6 7.exf6 Qxf6 8.Be2 Bd6 9.Nf1 O-O 10.Be3 Kh8 
11.Ng3 e5 12.dxe5 Ndxe5 13.Qxd5 Be6 14.Qe4 Nxf3+ 
15.Bxf3 Ne5 16.Be2 g5 17.O-O h6 18.f4 Nc6 
19.fxg5 1-0

[Event "HCL-A077"]
[Site "www.playchess.de"]
[Date "2001.02.24"]
[Round "5"]
[White "Sccr"]
[Black "Belka"]
[WhiteElo "1900"]
[BlackElo "1720"]
[PlyCount "36"]
[Result "0-1"]

1.c4 Nf6 2.d4 c5 3.d5 b5 4.cxb5 a6 5.Nc3 axb5 6.e4 
b4 7.Nb5 d6 8.Bf4 g5 9.Bxg5 Nxe4 10.Bf4 Ra6 11.Qc2 
Bf5 12.Qc4 Nf6 13.O-O-O Bg7 14.f3 O-O 15.g4 Bd7 
16.h4 Qa5 17.a3 Bxb5 18.Qxb5 bxa3 0-1

[Event "HCL-B184"]
[Site "www.playchess.de"]
[Date "2001.02.24"]
[Round "35"]
[White "Yogibear"]
[Black "Xina"]
[WhiteElo "1836"]
[BlackElo "1200"]
[PlyCount "33"]
[Result "1-0"]

1.c4 {hello Xina, have a nice game!}  e5 {Hi from 
Seattle!}  2.g3 {Hi from Berlin.Germany! 
Greetings}  Nf6 3.Nc3 d5 4.cxd5 Nxd5 {Hi from 
Seattle!}  5.Bg2 Nxc3 6.bxc3 Bd7 7.Bxb7 Bc6 8.Bxa8 
Bxh1 9.Bxh1 Bd6 10.d3 c5 11.Qa4+ Qd7 12.Qxd7+ Nxd7 
13.Bc6 f6 14.Rb1 Ke7 15.Bxd7 Kxd7 16.Rb7+ Kc6 
17.Rxg7 1-0

[Event "HCL-A077"]
[Site "www.playchess.de"]
[Date "2001.02.24"]
[Round "18"]
[White "Avva"]
[Black "kondor"]
[WhiteElo "1800"]
[BlackElo "1638"]
[PlyCount "37"]
[Result "1-0"]

1.e4 e5 2.f4 Bc5 3.Nf3 d6 4.c3 Nf6 5.d4 exd4 
6.cxd4 Bb4+ 7.Bd2 Bxd2+ 8.Nbxd2 O-O 9.Bd3 Qe7 
10.O-O Nd5 11.exd5 Qe3+ 12.Kh1 Qxd3 13.Rc1 Nd7 
14.Nc4 Qe4 15.Ng5 Qxd5 16.Qd3 Nf6 17.Ne3 Qxa2 
18.Rca1 Qxb2 19.Nd5 1-0

[Event "HCL-A077"]
[Site "www.playchess.de"]
[Date "2001.02.24"]
[Round "21"]
[White "QWZ"]
[Black "Avva"]
[WhiteElo "1900"]
[BlackElo "1800"]
[PlyCount "32"]
[Result "1/2-1/2"]

1.e4 e5 2.f4 d5 3.exd5 c6 4.Nc3 exf4 5.Qe2+ Be7 
6.d4 Nf6 7.Bxf4 Bg4 8.Nf3 Nxd5 9.Nxd5 Qxd5 10.c4 
Bxf3 11.cxd5 Bxe2 12.Bxe2 Bb4+ 13.Kf2 cxd5 14.Bf3 
Nc6 15.Bxd5 Nxd4 16.Bxb7 Rd8 1/2-1/2

[Event "HCL-A081"]
[Site "www.playchess.de"]
[Date "2001.02.24"]
[Round "17"]
[White "paule"]
[Black "jmcerna"]
[WhiteElo "1960"]
[BlackElo "1700"]
[PlyCount "52"]
[Result "1/2-1/2"]

1.e4 c5 2.c3 e6 3.d4 d5 4.e5 Nc6 5.Nf3 Nh6 6.Bd3 
cxd4 7.cxd4 Nf5 8.Bxf5 exf5 9.Nc3 Be7 10.h4 O-O 
11.Qb3 {paule660}  Bb4 12.Bg5 Qb6 13.a3 Bxc3+ 
14.Qxc3 Be6 15.O-O Rac8 16.Qd2 Na5 17.Qb4 Rc2 
18.Qxb6 axb6 19.Rab1 Nb3 20.Rfe1 h6 21.Bf4 Rfc8 
22.Red1 Re2 23.Rd3 Na5 24.Nd2 Nc4 25.Kf1 Nxd2+ 
26.Rxd2 Rxd2 1/2-1/2

[Event "HCL-A081"]
[Site "www.playchess.de"]
[Date "2001.02.24"]
[Round "19"]
[White "Belka"]
[Black "jmcerna"]
[WhiteElo "1720"]
[BlackElo "1700"]
[PlyCount "29"]
[Result "1-0"]

1.e4 e5 2.Nf3 Nc6 3.Bb5 a6 4.Ba4 d6 5.c3 Bd7 6.d4 
b5 7.Bb3 h6 8.O-O Nge7 9.Ne1 Ng6 10.f4 exd4 11.f5 
Nge5 12.cxd4 Nc4 13.Bxc4 bxc4 14.Na3 d5 
15.exd5 1-0

[Event "HCL-C197"]
[Site "www.playchess.de"]
[Date "2001.02.24"]
[Round "2"]
[White "Pineywoods"]
[Black "WindsorStar"]
[WhiteElo "1000"]
[BlackElo "918"]
[PlyCount "59"]
[Result "1-0"]

1.c4 c5 2.Nc3 a6 3.Nf3 f6 4.g3 e5 5.Bg2 Bd6 6.O-O 
Qe7 7.e4 Nh6 8.h3 f5 9.exf5 Nxf5 10.Nd5 Qd8 11.d3 
b6 12.Bg5 Be7 13.Bxe7 Nxe7 14.Nxe7 Qxe7 15.Nxe5 
Ra7 16.Re1 O-O 17.Bd5+ Kh8 18.Ng6+ hxg6 19.Rxe7 
Bb7 20.Bxb7 Rxb7 21.Qe2 Nc6 22.Re8 Rb8 23.Rxb8 
Nxb8 24.Re1 Nc6 25.Qg4 d6 26.Qxg6 Nd4 27.Re8 Rxe8 
28.Qxe8+ Kh7 29.Kg2 Nf5 30.Qb8 1-0

[Event "HCL-B189"]
[Site "www.playchess.de"]
[Date "2001.02.24"]
[Round "11"]
[White "assmonkey"]
[Black "DepthCharge"]
[WhiteElo "1048"]
[BlackElo "1516"]
[PlyCount "44"]
[Result "0-1"]

1.e4 {Good luck.}  c5 {Thank-you. Good luck! :)}  
2.Nf3 d6 3.d4 cxd4 {Great name!}  4.Nxd4 Nf6 5.Nc3 
g6 6.Be2 Bg7 7.O-O O-O 8.Bf4 {Thanks, I like yours 
too.}  e5 9.Be3 exd4 10.Bxd4 Nc6 11.e5 dxe5 12.Bc5 
Re8 13.Qxd8 Rxd8 14.Rad1 Bf5 15.Bd3 Bxd3 16.cxd3 
Nd5 17.Rfe1 Nxc3 18.bxc3 Rd5 19.Be3 Rad8 20.Re2 e4 
21.d4 Na5 22.Bg5 Rxg5 0-1

[Event "HCL-C197"]
[Site "www.playchess.de"]
[Date "2001.02.24"]
[Round "7"]
[White "Nikolic"]
[Black "WindsorStar"]
[WhiteElo "1000"]
[BlackElo "918"]
[PlyCount "29"]
[Result "1-0"]

1.Nf3 {my cowbeef is very good, my brother}  d6 
{Oh! I don't buy beef in the can.}  2.d4 h6 3.e4 
f6 4.Be2 g5 5.Nc3 g4 6.Nh4 Rh7 7.Bxg4 Rg7 8.Bh5+ 
Kd7 9.Ng6 Rxg6 10.Bxg6 Bg7 11.Qg4+ e6 12.Bf7 h5 
13.Qxe6+ Kc6 14.Qd5+ Kb6 15.Qb5+ 1-0

[Event "ACL-A105"]
[Site "www.playchess.de"]
[Date "2001.02.24"]
[Round "13"]
[White "Chess_man_Mark"]
[Black "patzer"]
[WhiteElo "1500"]
[BlackElo "1485"]
[PlyCount "24"]
[Result "1/2-1/2"]

1.e4 e5 2.Nf3 Nc6 3.Nc3 Nf6 4.d4 exd4 5.Nxd4 Bb4 
6.Nxc6 dxc6 7.Qxd8+ {Now we get to play without 
our queens! lol}  Kxd8 8.Bg5 Bxc3+ 9.bxc3 h6 
10.Bxf6+ gxf6 11.Bc4 Be6 12.Rd1+ 
Ke7 1/2-1/2

[Event "HCL-B200"]
[Site "www.playchess.de"]
[Date "2001.02.24"]
[Round "1"]
[White "JaredMW"]
[Black "Translightor"]
[WhiteElo "1500"]
[BlackElo "1435"]
[PlyCount "64"]
[Result "0-1"]

1.e4 {Hi!  Nice to play you.  I am 14, and this is 
my first game here.}  e5 {Welcome, Jared. 
playchess is my favorite chess site, and I'm sure 
you'll enjoy it too. Good luck!}  2.Nf3 {This 
looks to be a very good site.  Can't wait to use 
it more.}  Nc6 {You need 2 finished games to enter 
a new tournament. I'll help you by playing 
quickly.}  3.d4 {Thanks for offering to play 
quickly.  I'm having a lot of fun.  Where in 
Germany do you live?}  exd4 {I live rather in the 
North, in Hannover, city that hosted the World 
Expo 2000. What about you?}  4.Nxd4 {I live in the 
Northeastern part of the United States, in the 
State of Pennsylvania.}  Bc5 {And where else do 
you play chess? At school, in a club?}  5.c3 {I 
don't play in any chess clubs, or at school 
(actually I'm home schooled). But I play at 
chess.net.}  Qf6 {Why home schooled? Any handicap 
or illness? (Pardon me for asking)}  6.Be3 {No, no 
handicap or illness. I am homeschooled because we 
don't approve of the local schools.}  Nxd4 {I 
didn't know that this was possible. So you have 
teachers visiting you alone?}  7.Bxd4 {I teach 
myself with my textbooks, and my parents help me.} 
 Bxd4 {Do they give you enough holidays? (Learning 
alone must be quicker than in class.) What about 
exams?}  8.cxd4 {Learning alone is quicker. The 
state requires 180 days. Get fewer holiders, but 
finish earlier.}  d6 {If I was homeschooled, I 
would have told my parents that chess is the most 
important subject.}  9.b4 {I am building a website 
about chess. http://chessconnection.cjb.net}  c5 
{I wish you a huge success with your website. As a 
start, I have subscribed the newsletter.}  10.Bb5+ 
{Thanks for signing up. On the site's 1st day, it 
got 100+ hits. At 1st I thought I lost a pawn 
here.}  Kf8 {This move is not what I intended, by 
Bd7 doesn't work.}  11.e5 {You would be in trouble 
with Bd7.  As it is, this ought to be an 
interesting game.}  dxe5 {As it is, the "opening" 
of your website seems to be better organized than 
the opening of this game.}  12.dxc5 {When I made 
the bishop move, I planned out what would happen. 
It should be VERY interesting later on}  Be6 {The 
material is balanced. But it's an unusual 
position.}  13.O-O {Hope this works. Trying to 
castle . .}  Rd8 14.Qa4 {I agree that this game 
has proved to be strange thus far.}  a6 {Presently 
I only try to survive.}  15.Be2 {Same here.  You 
have me backing up :(}  Bd7 {Want to swap sides?}  
16.b5 {No I don't.  That's not possible here, is 
it?}  axb5 {No, it's not, of course - this is 
tournament.}  17.Bxb5 {Ok.  Good.}  g6 {Which 
still leaves us with the problem how to 
consolidate the position.}  18.Bxd7 {Ok, you are 
opening an escape route for king, but you forgot 
the bishop - or am I missing something?}  Qe7 {No. 
Error.}  19.Rd1 {Sometimes when a move seems too 
obvious for me, I get worried :)}  Qxc5 {I get 
extremely cautious when I see a mate in 1 in one 
of my games.}  20.Bg4 {Makes sense, but it was 
easy to stop.}  Rxd1+ {How have your other games 
started?}  21.Bxd1 {The others don't move quite as 
fast, so they are still in early stages.  Ok 
though. Yours?}  Nf6 {I play quite a lot. B185 
will bring me into class A, so losing this one 
wouldn't hurt me.}  22.Qa8+ {You sound like you 
doubt you will win this game.  You still have many 
chances to win this game.}  Kg7 {If you were a 
bishop down, you would also have some doubts about 
winning.Of course it isn't over yet}  23.Qa4 {Yes, 
but I almost gave you a free rook here :)}  Rd8 
{If you continue playing well, you will win. This 
one's for sure!}  24.g3 b5 25.Qc2 Qd4 26.Na3 Qxa1 
{There's the rook. Now I feel better.}  27.Nxb5 
{Things really changed quickly.}  Rxd1+ {Indeed. 
You had to play Nb1 to keep some chances.}  28.Kg2 
{You are now up by a whole rook and are chasing 
down my king.}  Rg1+ {Right. The game is now 
easily won, and I feel a bit pity, because you had 
started it very well.}  29.Kh3 {Thanks, but no 
need to feel pity.  You played a great game.}  
Qf1+ {We'll meet again in another tournament, and 
then you'll play more experienced.}  30.Kh4 
{Thanks for the game}  g5+ {Good luck to your 
further career at PlayChess and as website owner.} 
 31.Kxg5 Qh3 32.Qe2 h6+ 0-1